Using R with multivariate statistics (Record no. 16286)

MARC details
000 -LEADER
fixed length control field 00611nam a2200181 a 4500
000 - LEADER
fixed length control field BKB
001 - CONTROL NUMBER
control field 153669
005 - DATE AND TIME OF LATEST TRANSACTION
control field 20200902161121.0
008 - FIXED-LENGTH DATA ELEMENTS--GENERAL INFORMATION
fixed length control field 170112 ### HIN
020 ## - INTERNATIONAL STANDARD BOOK NUMBER
International Standard Book Number 9781483377964
082 ## - DEWEY DECIMAL CLASSIFICATION NUMBER
Classification number 519.53502855133
Item number S86U
100 ## - MAIN ENTRY--PERSONAL NAME
Personal name Schumacker, Randall E.
245 ## - TITLE STATEMENT
Title Using R with multivariate statistics
Statement of responsibility, etc by Randall E. Schumacker
260 ## - PUBLICATION, DISTRIBUTION, ETC. (IMPRINT)
Place of publication, distribution, etc New Delhi
Name of publisher, distributor, etc SAGE Publication India Pvt. Ltd.
Date of publication, distribution, etc 2016
300 ## - PHYSICAL DESCRIPTION
Extent 383p.
690 ## - LOCAL SUBJECT ADDED ENTRY--TOPICAL TERM (OCLC, RLIN)
Topical term or geographic name as entry element Multivariate analysis; Data processing; R (Computer program language); Statistics; Data processing
964 ## -
--
-- ENG
--
--
--
--
--
Holdings
Withdrawn status Lost status Damaged status Not for loan Home library Current library Date acquired Total Checkouts Full call number Barcode Date last seen Date checked out Price effective from Koha item type
        Central University Of Rajasthan Central University Of Rajasthan 09/01/2017 1 519.53502855133 S86U 28147 21/11/2024 20/12/2021 02/09/2020 Books